000 00594nam a2200217 a 4500
001 000026044
005 20200930024244.0
008 110217s1965 mx r 000 | spa d
040 _aDO-SdBNP
_bspa
_cBNPHU
082 _aM863.44
_bA774f, 1970
100 1 _aArreola, Juan José
_952983
245 1 3 _aLa feria /
_cJuan José Arreola.
250 _a4a ed.
260 _aMéxico, D. F. :
_bJoaquín Mortiz,
_c1965.
300 _a200 p. ;
_c18 cm.
490 1 _aVolador
650 4 _aNovela mexicana
_93959
650 4 _aLiteratura mexicana
_91922
830 0 _aVolador
_912484
049 _aBNGR
999 _c25536
_d25536